Statystyki dla Wszystkie Kluby La Liga (2019-20)

Kliknij tutaj aby rozwiązać quiz!

Ogólne statystyki

  • Ten quiz został rozwiązany 75 razy
  • Średni wynik to 13 z 20

Statystyki odpowiedzi

Klub% Poprawnych
FC Barcelona
100%
Real Madryt
99%
Atletico
91%
Valencia
86%
Real Sociedad
83%
Sevilla
81%
Athletic
76%
Real Betis
73%
Villarreal
71%
Espanyol
66%
Getafe
64%
Levante
56%
Celta
54%
Mallorca
53%
Eibar
51%
Granada
44%
Osasuna
44%
Real Valladolid
43%
Deportivo Alaves
37%
Leganes
37%

Rozkład punktacji

Percentyl według liczby udzielonych odpowiedzi

Procent ludzi z każdym wynikiem

Twoja historia wyników

Nie rozwiązałeś tego quizu